000 00806cam a22002531 4500
001 sa 68006733
003 DLC
005 20260227112518.0
008 711108s1967 pk b 000 0beng
010 _asa 68006733
025 _aPL480:P-E-1242
040 _aDLC
_cDLC
_dDLC
050 0 0 _aPK6451.A62
_bZ8
082 0 0 _a891.5/5/11
_aB
100 1 _aNasim, K. B.
245 1 4 _aThe life and works of Hakim Auhad-ud-Din Anwari,
_cby K. B. Nasim.
260 _aLahore,
_bUniversity of the Punjab
_c[1967]
300 _a376 p.
_c25 cm.
350 _aRs12.00
500 _aIncludes quotations in Persian.
500 _a"Thesis submitted and approved for the degree of Ph.D. at the University of Manchester."
504 _aBibliography: p. 347-359.
600 1 0 _aAnvarī, Awḥad al-Dīn,
_d-1189 or 1190.
999 _c81487
_d81487